Datum a čas kvízu
34.5
Celkem bodů
Celkový počet nahraných bodů na tomto kvízu bez doplňovacích otázek.
2.
Pořadí na kvízu
Konečné umístění týmu na tomto kvízu.
Zaznamenané odpovědi
| # | Otázka | Odpověď | Body | Výsledky |
|---|---|---|---|---|
| 1. | Ve středu byl do vedení Poslan... | Jan Bartošek; KDU-ČSL | 0 | |
| 2. | Slovenský ministr cestovního r... | říhnul si | 0 | |
| 3. | Nejvíce sexy mužem světa za ro... | Jonathan Bailey | 1 | |
| 4. | Ke 100. výročí založení Národn... | guvernér ČNB; Aleš Michl | 1 | |
| 5. | Který bývalý profesionální spo... | David Beckham | 1 | |
| 6. | První novodobé hry se konaly v... | C | 0 | |
| 7. | U maratonu ještě zůstaneme. Me... | Etiopii, běžel bosky | 0.5 | |
| 8. | V roce 1976 v Montrealu k finá... | 14 let (13 nebo 15 let za půl bodu) | 0.5 | |
| 9. | Nyní se přeneseme na olympijsk... | Kateřina Kůrková, Matthew Emmons | 0.5 | |
| 10. | Na závěr postupně uslyšíte tři... | 3, 2, 1 | 1 |